| 000 | 00356nam a2200133Ia 4500 | ||
|---|---|---|---|
| 008 | 210210b1978 xxu||||| |||| 00| 0 eng d | ||
| 082 | _a911.5402 PRAH | ||
| 100 | _aPRABHU (M Raghavendra). | ||
| 245 | _aHistorical atlas of India (1206-1707). | ||
| 260 |
_aMangalore _bVidyodaya Prakashana _c1978 |
||
| 300 | _aii,94 | ||
| 690 | _aAtlas | ||
| 906 | _aSG00733 | ||
| 999 |
_c112311 _d112311 |
||